My big book of insects & reptiles (Record no. 550147)
[ view plain ]
| 000 -LEADER | |
|---|---|
| fixed length control field | 00333nam a22001217a 4500 |
| 082 ## - DEWEY DECIMAL CLASSIFICATION NUMBER | |
| Classification number | 638 |
| Author Mark | PRA |
| -- | L-NUST, P-43 |
| 100 ## - MAIN ENTRY--PERSONAL NAME | |
| Personal name | Prakash. Ved |
| 9 (RLIN) | 36427 |
| 245 ## - TITLE STATEMENT | |
| Title | My big book of insects & reptiles |
| 260 ## - PUBLICATION, DISTRIBUTION, ETC. | |
| Place of publication, distribution, etc. | India |
| Name of publisher, distributor, etc. | Dreamland publications |
| Date of publication, distribution, etc. | 1992 |
| 300 ## - PHYSICAL DESCRIPTION | |
| Extent | p-48 |
| Other physical details | ill |
| 526 ## - STUDY PROGRAM INFORMATION NOTE | |
| Program name | 0 |
| Interest level | 0 |
| Reading level | 0 |
| Title point value | 638_000000000000000_PRA |
| 942 ## - ADDED ENTRY ELEMENTS (KOHA) | |
| Source of classification or shelving scheme | |
| Koha item type | Book |
| Withdrawn status | Lost status | Source of classification or shelving scheme | Damaged status | Not for loan | Permanent Location | Current Location | Date acquired | Total Checkouts | Full call number | Barcode | Date last seen | Price effective from | Koha item type |
|---|---|---|---|---|---|---|---|---|---|---|---|---|---|
| Military College of Engineering (MCE) | Military College of Engineering (MCE) | 10/24/2014 | 638 PRA | MCE-44447 | 10/24/2014 | 10/24/2014 | Book |
